| 000 -LEADER |
| fixed length control field |
01354cam a2200361 a 4500 |
| 001 - CONTROL NUMBER |
| control field |
987249 |
| 003 - CONTROL NUMBER IDENTIFIER |
| control field |
OSt |
| 005 - DATE AND TIME OF LATEST TRANSACTION |
| control field |
20230106102021.0 |
| 008 - FIXED-LENGTH DATA ELEMENTS--GENERAL INFORMATION |
| fixed length control field |
220426s2015 nyua b 000 1 eng d |
| 020 ## - INTERNATIONAL STANDARD BOOK NUMBER |
| International Standard Book Number |
9780449810781 |
| Qualifying information |
(paperback) : |
| 040 ## - CATALOGING SOURCE |
| Original cataloging agency |
TWTCL |
| Language of cataloging |
eng |
| Transcribing agency |
TWTCL |
| Description conventions |
aacr |
| 041 0# - LANGUAGE CODE |
| Language code of text/sound track or separate title |
eng |
| 042 ## - AUTHENTICATION CODE |
| Authentication code |
nbic |
| 082 0# - DEWEY DECIMAL CLASSIFICATION NUMBER |
| Classification number |
813.6 SHA |
| Item number |
S531 |
| 100 1# - MAIN ENTRY--PERSONAL NAME |
| Personal name |
Sharmat, Marjorie Weinman, |
| Dates associated with a name |
1928-2019. |
| Relator term |
Author |
| 245 10 - TITLE STATEMENT |
| Title |
Nate the great, where are you? / |
| Statement of responsibility, etc. |
by Marjorie Weinman Sharmat and Mitchell Sharmat ; illustrated by Jody Wheeler in the style of Marc Simont. |
| 250 ## - EDITION STATEMENT |
| Edition statement |
First Yearling edition. |
| 264 #1 - PRODUCTION, PUBLICATION, DISTRIBUTION, MANUFACTURE, AND COPYRIGHT NOTICE |
| Place of production, publication, distribution, manufacture |
New York : |
| Name of producer, publisher, distributor, manufacturer |
Yearling Book, |
| Date of production, publication, distribution, manufacture, or copyright notice |
2015. |
| 300 ## - PHYSICAL DESCRIPTION |
| Extent |
47, 28 pages : |
| Other physical details |
chiefly color illustration ; |
| Dimensions |
20 cm. |
| 336 ## - CONTENT TYPE |
| Content type term |
text |
| Content type code |
txt |
| Source |
rdacontent. |
| 337 ## - MEDIA TYPE |
| Media type term |
unmediated |
| Media type code |
n |
| Source |
rdamedia. |
| 338 ## - CARRIER TYPE |
| Carrier type term |
volume |
| Carrier type code |
nc |
| Source |
rdacarrier. |
| 520 ## - SUMMARY, ETC. |
| Summary, etc. |
Nate the Great and his dog, Sludge, would like to take a break from detective work, but new cases-- cases they do not want-- await them. |
| 521 ## - TARGET AUDIENCE NOTE |
| Target audience note |
Ages 6-9. |
| 650 #0 - SUBJECT ADDED ENTRY--TOPICAL TERM |
| Topical term or geographic name entry element |
Nate the Great (Fictitious character) |
| Form subdivision |
Juvenile fiction. |
| 650 #0 - SUBJECT ADDED ENTRY--TOPICAL TERM |
| Topical term or geographic name entry element |
Dogs |
| General subdivision |
Juvenile fiction. |
| 650 #0 - SUBJECT ADDED ENTRY--TOPICAL TERM |
| Topical term or geographic name entry element |
Mystery and detective stories. |
| 653 ## - INDEX TERM--UNCONTROLLED |
| Uncontrolled term |
KF. |
| 700 1# - ADDED ENTRY--PERSONAL NAME |
| Personal name |
Sharmat, Mitchell, |
| Dates associated with a name |
1927-2011. |
| 700 1# - ADDED ENTRY--PERSONAL NAME |
| Personal name |
Wheeler, Jody. |
| Relator term |
Illustrator |
| 700 1# - ADDED ENTRY--PERSONAL NAME |
| Personal name |
Simont, Marc, |
| Dates associated with a name |
1915-2013. |
| 942 ## - ADDED ENTRY ELEMENTS (KOHA) |
| Source of classification or shelving scheme |
|
| Koha item type |
Books - Non Ficton |